000 00439nam a2200181Ia 4500
001 8621
005 20260306160623.0
008 260306t2010||||xx |||||||||||||| ||spa||
041 _aESP
082 _a371.2
_bR68
100 _aRivera Márquez, Jorge Enrique
_eAUT
245 0 _aHerramientas de gestión educativa
260 _c2010
300 _a420 páginas :
_c24 cm.
650 _aGEN
654 _aCED
942 _cLIB
_dJUS
_fJUS
_2ddc
_n
999 _c8621
_d8621